1712 1623 1338 1734 1342 1629 1240 1557 1854 1756 1784 1748 1618 1187 1696 1230 1317 1472 1082 1106 1034 1940 1395 1409 1590 1604 1160 1620 1794 1164 1828 1897 1246 1800 1575 1753 1642 1885 1188 1286 1459 1152 1242 1397 1580 1526 1955 1552 1791 1530 1259 1975 1975 1940 1153 1942 1116 1232 1866 1395 1191 1853 1343 1347 1758 1498 1159 1919 1333 1297 1084 1099 1332 1560 1962 1643 1876 1299 1901 1352 1524 1675 1324 1819 1451 1143 1355 1736 1574 1885 1250 1690 1022 1345 1636 1581 1547 1845 1849 BCNSPRNW ULIB Ver.6.0+V

เปลี่ยนเป็นภาษาไทย

Change to English
 แสดงรายละเอียดบรรณานุกรม
  กลับหน้าหลัก

Brief Record : Get Marc (ISO 2709) : E-mail record : QR code < ปิดหน้าต่าง
LEADER : 00000nam 2200000uu 4500
001    13399121705
003     ULIB
008    121130s2549||||th 000 0 tha d
020    ^a9749450175
099    ^aนว.ฬ111ด ล.2
100    ^aฬีฬา
245    ^aดวงตาในดวงใจ/^cฬีฬา
250    ^aพิมพ์ครั้งที่ 1
260    ^aกรุงเทพฯ :^bยาหยี-ยาใจ,^c2549
300    ^a292 หน้า
945    ^p0^l0^i020199
995    ^a เกษร
999    ^aใช้งานได้ทุกระบบ
รายการนี้ยังไม่มีแท็ก
คุณยังไม่ได้ล็อกอิน คุณสามารถมีกิจกรรมร่วมกับเว็บไซต์ได้ แต่ต้องล็อกอินก่อน ::
  ล็อกอิน

รายการสื่อสารสนเทศ

ลำดับที่ ประเภท เลขเรียก/บาร์โค้ด สถานที่ สถานะ
1. นวนิยาย
นวนิยาย
นว.ฬ111ด ล.2  
  Barcode: 020199
ห้องสมุดวิทยาเขตสวรรค์ประชารักษ์
►นวนิยาย
บนชั้น
  ขอยืม

รายการใกล้เคียง
    ผู้แต่ง [ฬีฬา]

BibComment


ยังไม่เคยถูกคอมเมนท์

คอมเมนท์ทรัพยากรรายการนี้
  คอมเมนท์: ดวงตาในดวงใจ ฬีฬา


 Copyright 2026. Bcnsprnw @Library